London Stations that Starts with C - Statistics

General Stats
  • This quiz has been taken 4 times
  • The average score is 20 of 53
Answer Stats
Answer % Correct
Camden Town
100%
Cannon Street
100%
Chalk Farm
100%
Clapham Common
100%
Clapham North
100%
Clapham South
100%
Caledonian Road
67%
Canada Water
67%
Canary Wharf
67%
Canning Town
67%
Canons Park
67%
Chancery Lane
67%
Charing Cross
67%
Clapham Junction
67%
Cockfosters
67%
Colliers Wood
67%
Covent Garden
67%
Caledonian Road & Barnsbury
33%
Cambridge Heath
33%
Camden Road
33%
Canonbury
33%
Carshalton
33%
Catford
33%
Catford Bridge
33%
Chigwell
33%
Chiswick
33%
City Thameslink
33%
Clapham High Street
33%
Clapton
33%
Clock House
33%
Colindale
33%
Cricklewood
33%
Crossharbour
33%
Crouch Hill
33%
Crystal Palace
33%
Custom House
33%
Cutty Sark for Maritime Greenwich
33%
Cyprus
33%
Carshalton Beeches
0%
Centrale
0%
Chadwell Heath
0%
Charlton
0%
Cheam
0%
Chelsfield
0%
Chessington North
0%
Chessington South
0%
Chislehurst
0%
Chiswick Park
0%
Coombe Lane
0%
Coulsdon South
0%
Coulsdon Town
0%
Crayford
0%
Crofton Park
0%
No matching quizzes found
Score Distribution
Percent of People with Each Score
Percentile by Number Answered
Your Score History
You have not taken this quiz